Podział administracyjny miasta Lubina - Statystyki

Ogólne statystyki
  • Ten quiz został rozwiązany 26 razy
  • Średni wynik to 7 z 14
Statystyki odpowiedzi
Hint Odpowiedź % Poprawnych
3 Przylesie
89%
1 Centrum
84%
4 Ustronie
84%
10 Polne
79%
7 Zalesie
74%
13 Malomice
63%
2 Stary Lubin
42%
11 Świerczewskiego
42%
12 Polesie
37%
9 Staszica
32%
6 Ustronie 4
26%
5 Ustronie 2
21%
8 Zwycięstwa
21%
14 osiedle D
5%
Nie znaleziono quizów pasujących do podanych kryteriów
Rozkład punktacji
Procent ludzi z każdym wynikiem
Percentyl według liczby udzielonych odpowiedzi
Twoja historia wyników
Nie rozwiązałeś tego quizu